LEADER 01723oam 2200517 450 001 9910704797103321 005 20130716123219.0 035 $a(CKB)5470000002443750 035 $a(OCoLC)624932302$z(OCoLC)681061988 035 $a(EXLCZ)995470000002443750 100 $a20100521d1986 ua 0 101 0 $aeng 135 $aurbn||||||||| 181 $ctxt$2rdacontent 182 $cc$2rdamedia 183 $acr$2rdacarrier 200 10$aMaking black cherry blanks from System 6 /$fHugh W. Reynolds, Bruce G. Hansen 210 1$aBroomall, PA :$cUnited States Department of Agriculture, Forest Service, Northeastern Forest Experiment Station,$d1986. 215 $a1 online resource (10 pages) 225 1 $aResearch paper NE ;$v574 300 $aTitle from title screen (viewed on July 15, 2013). 300 $a"Manuscript received for publication 16 May 1985"--T.p. verso. 320 $aIncludes bibliographical references (page 8). 606 $aBlack cherry$zPennsylvania 606 $aBlack cherry$zMaryland 606 $aBlack cherry$zWest Virginia 606 $aStructural frames 606 $aLumber$xDrying 615 0$aBlack cherry 615 0$aBlack cherry 615 0$aBlack cherry 615 0$aStructural frames. 615 0$aLumber$xDrying. 700 $aReynolds$b Hugh W.$01392316 702 $aHansen$b Bruce G. 712 02$aNortheastern Forest Experiment Station (Radnor, Pa.), 712 02$aUnited States.$bForest Service, 801 0$bOCLCE 801 1$bOCLCE 801 2$bOCLCQ 801 2$bOCLCO 801 2$bGPO 906 $aBOOK 912 $a9910704797103321 996 $aMaking black cherry blanks from System 6$93446830 997 $aUNINA